| 000 | 00635nam a2200217 u 4500 | ||
|---|---|---|---|
| 005 | 20240228064222.0 | ||
| 008 | 150911s2010 r 000 0 eng d | ||
| 020 | _a9789501128260 | ||
| 035 | _aUPN01000205782 | ||
| 049 | _aI | ||
| 050 | 4 |
_aQL49 _bJ6.2 |
|
| 100 | 1 |
_aJohnson, Jenny _938057 |
|
| 245 | 1 | 0 |
_aAnimales sorprendentes / _cJenny Johnson ; tr. por Silvina Chauvin. |
| 260 |
_aBuenos Aires : _bSigmar, _cc2010. |
||
| 300 |
_a32 p. : _bil. col. |
||
| 440 | 0 | _aBajo la lupa | |
| 650 | 7 |
_aAnimales _vLiteratura infantil _2 _91061 |
|
| 650 | 4 |
_aLibros y lectura para niƱos _92290 |
|
| 905 | _aInfantil | ||
| 999 |
_c177883 _d177883 |
||